[Event "Mechanics' Winter TNM; G/2 d5"]
[Site "San Francisco"]
[Date "2018.02.13"]
[Round "6.36"]
[White "Casares Jr, Nick"]
[Black "Cunningham, Charles"]
[Result "0-1"]
[WhiteElo "1600"]
[BlackElo "1406"]
[Annotator "Donaldson"]
[PlyCount "18"]
[EventDate "2018.??.??"]
[Source "ChessBase"]
[SourceDate "2007.09.04"]

1. e4 e5 2. f4 exf4 3. Nf3 Bc5 4. d4 Bb6 5. Bxf4 d6 6. Bc4 Nc6 7. O-O Bg4 8.
Bxf7+ $2 Kf8 (8... Kxf7 9. Ng5+ Ke8 10. Qxg4 Bxd4+ 11. Kh1 Bxb2 12. Qe6+ Nge7
13. Qf7+ Kd7 14. Qe6+ $11) 9. c3 Bxf3 {
White touched the wrong piece and was going to lose his queen.} 0-1

[Event "Mechanics' Spring TNM; G/2 d5"]
[Site "San Francisco"]
[Date "2018.04.10"]
[Round "4.38"]
[White "Casares Jr, Nick"]
[Black "Cunningham, Charles"]
[Result "1-0"]
[WhiteElo "1600"]
[BlackElo "1406"]
[PlyCount "37"]
[EventDate "2018.??.??"]
[Source "ChessBase"]
[SourceDate "2007.09.04"]

1. e4 e5 2. Nf3 d6 3. d4 Nc6 4. Bc4 exd4 5. O-O Bg4 6. Bxf7+ $2 Ke7 7. Bg5+ Nf6
8. Bb3 h6 9. Bxf6+ Kxf6 10. h3 Bh5 11. g4 Bf7 12. Nxd4 Ne5 13. f4 Ng6 14. e5+
Ke7 15. exd6+ cxd6 16. Nf5+ Kd7 17. Bxf7 Qb6+ 18. Qd4 Qxd4+ 19. Nxd4 1-0

[Event "Mechanics' Spring TNM; G/2 d5"]
[Site "San Francisco"]
[Date "2018.04.24"]
[Round "6.35"]
[White "Casares Jr, Nick"]
[Black "Isenberger, Stefan"]
[Result "1-0"]
[WhiteElo "1600"]
[BlackElo "1272"]
[PlyCount "89"]
[EventDate "2018.??.??"]
[Source "ChessBase"]
[SourceDate "2007.09.04"]

1. e4 e5 2. f4 exf4 3. Nf3 d6 4. d4 g5 5. Bc4 Nf6 $2 6. Nxg5 Bg4 7. Bxf7+ Kd7
8. Nf3 Qe7 9. Bc4 Nxe4 10. O-O Bxf3 11. Qxf3 Bg7 12. c3 Nc6 13. Qg4+ Kd8 14.
Bxf4 Nf6 15. Qh4 d5 16. Bd3 Ne4 17. Qxe7+ (17. Qh5) 17... Nxe7 18. Bxe4 dxe4
19. Nd2 Rf8 20. Nxe4 Nc6 21. Bg3 Rxf1+ 22. Rxf1 Ke7 23. Bxc7 Bh6 24. Bd6+ Ke6
25. Bg3 Re8 26. Re1 Re7 27. Nc5+ Kf6 28. Rxe7 Nxe7 29. Bh4+ Kf7 30. Bxe7 Kxe7
31. Nxb7 Be3+ 32. Kf1 Bc1 33. b3 Bb2 34. Na5 Ke6 35. Ke2 Bxc3 36. Nc6 Kd5 37.
Kd3 Bb2 38. Nb4+ Kd6 39. Ke4 a5 40. Nd3 Ba3 41. Ne5 Bb4 42. Nc4+ Kc6 43. a3 Bc3
44. g4 Kb5 45. Kd5 1-0

[Event "Mechanics' Walter Shipman TNM G/2 d/5"]
[Site "San Francisco"]
[Date "2018.10.02"]
[Round "9.28"]
[White "Casares Jr, Nick"]
[Black "Olson, David R"]
[Result "1-0"]
[WhiteElo "1600"]
[BlackElo "1416"]
[PlyCount "36"]
[EventDate "2018.??.??"]
[Source "ChessBase"]
[SourceDate "2007.09.04"]

1. e4 e5 2. Nf3 Nc6 3. Bc4 Nf6 4. Ng5 d5 5. exd5 Nxd5 6. Nxf7 Kxf7 7. Qf3+ Ke8
8. Bxd5 Qf6 9. Bxc6+ bxc6 10. Nc3 Qxf3 11. gxf3 Be7 12. d3 Rf8 13. Ke2 Bb7 14.
Rg1 Rf7 15. Bg5 Bc5 16. Ne4 Bb6 17. Be3 h6 18. Rg6 Rf6 $4 1-0

[Event "Mechanics' Winter TNM; G/2 d5"]
[Site "San Francisco"]
[Date "2018.02.27"]
[Round "8.36"]
[White "Casares Jr, Nick"]
[Black "Olson, David R"]
[Result "1-0"]
[WhiteElo "1600"]
[BlackElo "1400"]
[Annotator "Donaldson"]
[PlyCount "37"]
[EventDate "2018.??.??"]
[Source "ChessBase"]
[SourceDate "2007.09.04"]

1. e4 e5 2. f4 d6 3. Nf3 Bg4 $6 4. Bc4 Bxf3 $6 5. Qxf3 Qf6 6. O-O Qxf4 $2 {
Diagram [#]} 7. d4 $2 (7. Qh3 $1 Qxe4 8. Qc8+ Ke7 9. Rxf7#) (7. Qh5 g6 8. Qh3 {
transposes.}) 7... Qxf3 8. Rxf3 Nf6 9. Nc3 Nbd7 $11 10. Nb5 $6 c6 $4 (10...
O-O-O $17) 11. Nc7+ Kd8 12. Nxa8 Kc8 13. Bxf7 Kb8 14. Be6 Kxa8 15. Bxd7 Nxd7
16. Rf7 Nf6 17. Bg5 Nxe4 18. Raf1 Nf6 19. Bxf6 1-0

[Event "Mechanics' Bedjanian TNM; G/2 d/5"]
[Site "San Francisco"]
[Date "2018.11.27"]
[Round "6.36"]
[White "Casares Jr, Nick"]
[Black "Otterbach, Renate"]
[Result "1-0"]
[WhiteElo "1600"]
[BlackElo "1287"]
[PlyCount "103"]
[EventDate "2018.??.??"]
[Source "ChessBase"]
[SourceDate "2007.09.04"]

1. e4 c5 2. Nf3 g6 3. d4 cxd4 4. Qxd4 Nf6 5. e5 Nc6 6. Qd3 Ng4 7. Bf4 Bg7 8.
Nc3 Ngxe5 9. Nxe5 Nxe5 10. Qg3 d6 11. O-O-O O-O 12. h4 h5 13. Bxe5 Bxe5 14. f4
Bg7 15. Bc4 e6 16. Rhe1 Bd7 17. Rxd6 Qc7 18. Qd3 Rfd8 19. Rd1 Kh7 20. Bb3 Bf8
21. Rxd7 Rxd7 22. Qxd7 Qxf4+ 23. Kb1 Qf6 24. Ne4 Qg7 25. Ng5+ Kg8 26. Rf1 Be7
27. Qxe7 Rf8 28. Rf6 b5 29. a3 a5 30. a4 b4 31. Ka2 Kh8 32. Rxf7 Rxf7 33. Qxf7
Qxf7 34. Nxf7+ Kg7 35. Ng5 e5 36. Ne4 Kf8 37. Be6 Ke7 38. Bd5 Kf8 39. Kb3 Ke7
40. Kc4 Kd7 41. Kb5 Kc7 42. Kxa5 Kb8 43. Kb6 Kc8 44. a5 g5 45. hxg5 h4 46. a6
h3 47. gxh3 Kd7 48. a7 b3 49. cxb3 Kd8 50. a8=Q+ Ke7 51. Qb7+ Kd8 52. Be6 1-0

[Event "Mechanics' Winter TNM; G/2 d5"]
[Site "San Francisco"]
[Date "2018.01.30"]
[Round "4.39"]
[White "Casares Jr, Nick"]
[Black "Subedar, Vishal"]
[Result "0-1"]
[WhiteElo "1600"]
[BlackElo "1367"]
[PlyCount "68"]
[EventDate "2018.??.??"]
[Source "ChessBase"]
[SourceDate "2007.09.04"]

1. e4 e5 2. f4 Bc5 3. Nf3 Nc6 4. c3 d5 5. d4 exd4 6. cxd4 Bb6 7. e5 Bg4 8. Bb5
Nge7 9. O-O O-O 10. Bxc6 Nxc6 11. Be3 Ne7 12. Nbd2 Nf5 13. Qb3 Nh4 14. Nxh4
Qxh4 15. Nf3 Qd8 16. Qc2 f5 17. h3 Bh5 18. a3 c6 19. Rae1 h6 20. Kh1 Qd7 21. e6
Qxe6 22. Bd2 Qf6 23. Ne5 Rad8 24. Bc3 Bc7 25. b4 Kh7 26. g4 Be8 27. Rf2 Bxe5
28. dxe5 Qh4 29. Kh2 Bg6 30. Qe2 fxg4 31. Qxg4 Qxf2+ 32. Kh1 d4 33. Rg1 Be4+
34. Rg2 Bxg2+ 0-1

[Event "Mechanics' Bedjanian TNM; G/2 d/5"]
[Site "San Francisco"]
[Date "2018.11.13"]
[Round "4.43"]
[White "Casares Jr, Nick"]
[Black "Sullivan, George"]
[Result "1-0"]
[WhiteElo "1600"]
[BlackElo "988"]
[PlyCount "59"]
[EventDate "2018.??.??"]
[Source "ChessBase"]
[SourceDate "2007.09.04"]

1. e4 c5 2. Nf3 Nc6 3. d4 cxd4 4. Nxd4 a6 5. Nc3 e6 6. Be3 Nf6 7. f3 g6 8. Qd2
Nxd4 9. Bxd4 Bg7 10. g4 O-O 11. h4 h6 12. O-O-O b5 13. Be3 Nh7 14. Bxh6 Bxh6
15. Qxh6 Qf6 16. Qe3 Rd8 17. e5 Qe7 18. g5 Bb7 19. Ne4 Bxe4 20. Qxe4 d6 21.
exd6 Rxd6 22. Qxa8+ Kg7 23. Rxd6 Qxd6 24. Qe4 Qg3 25. Bd3 Qg2 26. f4 Qg3 27. h5
Nf8 28. Qe5+ Kg8 29. h6 Nh7 30. Qg7# 1-0

[Event "Mechanics' Shipman TNM; G/2 d/5"]
[Site "San Francisco"]
[Date "2018.08.07"]
[Round "1.4"]
[White "Casares Jr, Nick"]
[Black "Vickers, Keith"]
[Result "0-1"]
[WhiteElo "1600"]
[BlackElo "2200"]
[PlyCount "80"]
[EventDate "2018.??.??"]
[Source "ChessBase"]
[SourceDate "2007.09.04"]

1. e4 d5 2. exd5 Qxd5 3. Nc3 Qd6 4. d4 Nf6 5. Bc4 c6 6. Nge2 Bf5 7. Bf4 Qd8 8.
f3 e6 9. a3 Bd6 10. Bg5 h6 11. Bh4 Nbd7 12. Qd2 Qc7 13. Bg3 Nb6 14. Bxd6 Qxd6
15. Bd3 Bxd3 16. Qxd3 O-O 17. Ne4 Nxe4 18. fxe4 e5 19. O-O-O exd4 20. Qxd4 Qxd4
21. Rxd4 Rfe8 22. Rhd1 c5 23. R4d3 Rxe4 24. Nc3 Re7 25. a4 Rae8 26. b3 c4 27.
Rd4 cxb3 28. a5 bxc2 29. Kxc2 Na8 30. Rd7 Nc7 31. Rxe7 Rxe7 32. Rd8+ Kh7 33.
Rb8 Ne6 34. Nb5 a6 35. Nd6 Rc7+ 36. Kb2 Rd7 37. Ne4 f5 38. Re8 Nc7 39. Nc5 Rd5
40. Ne6 Nxe8 0-1

[Event "Mechanics' Winter TNM; G/2 d5"]
[Site "San Francisco"]
[Date "2018.01.23"]
[Round "3.46"]
[White "Cendejas, Jon"]
[Black "Hilliard, Michael"]
[Result "0-1"]
[WhiteElo "422"]
[BlackElo "1455"]
[PlyCount "84"]
[EventDate "2018.??.??"]
[Source "ChessBase"]
[SourceDate "2007.09.04"]

1. e4 c6 2. Nf3 d5 3. exd5 cxd5 4. d4 Nf6 5. c4 e6 6. Nc3 Bb4 7. Bd2 Bxc3 8.
Bxc3 O-O 9. Qc2 Nbd7 10. O-O-O a5 11. Bd3 a4 12. Bb4 Re8 13. b3 axb3 14. Qxb3
Qc7 15. Rhe1 dxc4 16. Bxc4 b5 17. Kb1 Qxc4 18. Ne5 Qxb3+ 19. axb3 Nd5 20. Bd2
b4 21. Rc1 Nxe5 22. dxe5 Ba6 23. Kb2 Rec8 24. f4 Rxc1 25. Rxc1 Rc8 26. g4 Rxc1
27. Bxc1 Bd3 28. h4 Kf8 29. Bd2 Ke7 30. Bxb4+ Nxb4 31. Kc3 Nd5+ 32. Kxd3 Nxf4+
33. Ke4 Ng6 34. Kd4 Nxh4 35. b4 Kd7 36. Kc5 Nf3 37. b5 Nxe5 38. Kb6 Nxg4 39.
Kb7 Ne3 40. b6 Nd5 41. Ka7 Nxb6 42. Kxb6 g5 0-1

[Event "Mechanics' Spring TNM; G/2 d5"]
[Site "San Francisco"]
[Date "2018.05.08"]
[Round "8.38"]
[White "Cendejas, Jon"]
[Black "Morgan, Jerry D"]
[Result "0-1"]
[WhiteElo "422"]
[BlackElo "1586"]
[PlyCount "56"]
[EventDate "2018.??.??"]
[Source "ChessBase"]
[SourceDate "2007.09.04"]

1. e4 Nf6 2. Nc3 e5 3. Bc4 Nxe4 4. Qf3 Nf6 5. d3 Bc5 6. Be3 Bb4 7. Nge2 c6 8.
Bd2 d5 9. Bb3 O-O 10. O-O-O Bg4 11. Qg3 Nbd7 12. f3 Bf5 13. Nxd5 Bxd2+ 14. Rxd2
cxd5 15. Nc3 Qa5 16. Ba4 Rac8 17. Bxd7 Nxd7 18. d4 exd4 19. Rxd4 Rxc3 20. bxc3
Qxc3 21. Qf2 Qa1+ 22. Kd2 Qxh1 23. Rxd5 Be6 24. Rd4 Qxh2 25. Rh4 Qd6+ 26. Rd4
Qb6 27. a3 Ne5 28. Ke1 Rc8 0-1

[Event "Mechanics' Winter TNM; G/2 d5"]
[Site "San Francisco"]
[Date "2018.02.06"]
[Round "5.55"]
[White "Cendejas, Jon"]
[Black "Otterbach, Renate"]
[Result "1-0"]
[WhiteElo "422"]
[BlackElo "1166"]
[Annotator "Donaldson"]
[PlyCount "69"]
[EventDate "2018.??.??"]
[Source "ChessBase"]
[SourceDate "2007.09.04"]

1. e4 e6 2. d4 d5 3. e5 c5 4. Be3 Ne7 5. dxc5 Nf5 6. c3 Nxe3 7. fxe3 Bxc5 8.
Qd3 O-O 9. Nf3 Nc6 10. Nbd2 h6 11. Be2 Qb6 12. Nf1 Qxb2 13. Rb1 Qxa2 14. N1d2
Qc4 $2 15. Qc2 $2 Qg4 16. O-O Bxe3+ 17. Kh1 Qf4 18. Ne1 Qxe5 19. Qd3 Bxd2 20.
Qxd2 Na5 21. Rb5 Nc4 22. Bxc4 a6 23. Nf3 Qf6 24. Rc5 dxc4 25. Rxc4 b5 26. Rf4
Qe7 27. Nd4 Bb7 28. Re1 Rad8 29. h3 Qc7 30. Rg4 g5 $2 (30... e5 31. Qxh6 f5 32.
Qe6+ (32. Ne6 fxg4 33. Nxc7 gxh6) 32... Qf7) 31. Rxg5+ Kh7 $4 (31... hxg5 32.
Qxg5+ $11) 32. Rh5 $1 Bxg2+ 33. Kxg2 $4 (33. Kg1 $1) 33... Rg8+ 34. Kf1 Qg3 $4
(34... Rg6 $11) 35. Qxh6# 1-0

[Event "Mechanics' Winter TNM; G/2 d5"]
[Site "San Francisco"]
[Date "2018.02.20"]
[Round "7.51"]
[White "Cendejas, Jon"]
[Black "Yu, Prescott"]
[Result "0-1"]
[WhiteElo "422"]
[BlackElo "1141"]
[PlyCount "64"]
[EventDate "2018.??.??"]
[Source "ChessBase"]
[SourceDate "2007.09.04"]

1. e4 c6 2. d4 d5 3. exd5 cxd5 4. Nf3 Nc6 5. Bd3 Bg4 6. h3 Bxf3 7. Qxf3 Nxd4 8.
Qd1 e6 9. Be3 Nc6 10. c3 Bd6 11. Nd2 Nf6 12. Qa4 O-O 13. Qh4 Ne5 14. Bc2 Ng6
15. Bxg6 fxg6 16. O-O-O Qa5 17. Kb1 Qb5 18. a3 Bxa3 19. b3 Rac8 20. Qd4 Bc5 21.
Qe5 Bxe3 22. Qxe3 Rfe8 23. Kb2 a5 24. Ka3 Qc5+ 25. Qxc5 Rxc5 26. Rc1 b5 27. b4
axb4+ 28. Kxb4 Rec8 29. Rhe1 Kf7 30. Nb3 Rc4+ 31. Kxb5 Rb8+ 32. Ka5 Rxb3 {
and Black later won.} 0-1

[Event "Mechanics' Shipman TNM; G/2 d/5"]
[Site "San Francisco"]
[Date "2018.08.21"]
[Round "3.42"]
[White "Cendejas, Jon Rodo"]
[Black "Badgett Jr, James"]
[Result "1/2-1/2"]
[WhiteElo "962"]
[BlackElo "1209"]
[PlyCount "37"]
[EventDate "2018.??.??"]
[Source "ChessBase"]
[SourceDate "2007.09.04"]

1. e4 c5 2. Nf3 d6 3. d3 Nc6 4. Nc3 Nf6 5. Be2 e5 6. O-O Be6 7. Ng5 Qd7 8. f4
Bg4 9. f5 Bxe2 10. Qxe2 Nd4 11. Qf2 Ng4 12. Qh4 Nxc2 13. Qxg4 Nxa1 14. Qd1 h6
15. Nf3 Rg8 16. Be3 O-O-O 17. Qxa1 g5 18. Nd5 Qb5 19. Rd1 1/2-1/2

[Event "Mechanics' Spring TNM; G/2 d5"]
[Site "San Francisco"]
[Date "2018.03.20"]
[Round "1.38"]
[White "Cendejas, Jon Rodo"]
[Black "Campers Jr, Willie"]
[Result "0-1"]
[WhiteElo "422"]
[BlackElo "1689"]
[PlyCount "48"]
[EventDate "2018.??.??"]
[Source "ChessBase"]
[SourceDate "2007.09.04"]

1. e4 e6 2. d4 d5 3. exd5 exd5 4. Nf3 Nc6 5. Nc3 Nf6 6. Bf4 a6 7. Bd3 Nb4 8. a3
Nxd3+ 9. Qxd3 Be7 10. O-O O-O 11. Rae1 Bg4 12. h3 Bh5 13. Re3 Bg6 14. Qd2 Bd6
15. Bg5 c6 16. Rfe1 h6 17. Bxf6 Qxf6 18. g3 Bh5 19. Kg2 Bg6 20. Ne2 Be4 21. c3
g5 22. g4 Bc7 23. c4 Qd6 24. b4 f5 (24... f5 25. Ng3 Qf4 26. Nxe4 dxe4 27. Ne5
Rad8 28. Qc3 Bxe5 29. dxe5 fxg4 {winning is one possible continuation.}) 0-1

[Event "Mechanics' Shipman TNM; G/2 d/5"]
[Site "San Francisco"]
[Date "2018.08.28"]
[Round "4.42"]
[White "Cendejas, Jon Rodo"]
[Black "Harris, Clarence"]
[Result "0-1"]
[WhiteElo "962"]
[BlackElo "1400"]
[PlyCount "28"]
[EventDate "2018.??.??"]
[Source "ChessBase"]
[SourceDate "2007.09.04"]

1. e4 e5 2. Nf3 Nc6 3. Bc4 Bc5 4. O-O Nf6 5. Nc3 O-O 6. d3 d6 7. Be3 Nd4 8. Re1
Bg4 9. Bxd4 Bxd4 10. h3 Bd7 11. Nxd4 exd4 12. Ne2 c5 13. Qd2 b5 14. Bd5 Rb8 {
The position is approximately equal but Black soon won. Remaingmovesunavailabl
e.} 0-1

[Event "Mechanics' Vartan Bedjanian TNM; G/2 d/"]
[Site "San Francisco"]
[Date "2018.11.07"]
[Round "3.30"]
[White "Cendejas, Jon Rodo"]
[Black "Newey, Richard"]
[Result "0-1"]
[WhiteElo "979"]
[BlackElo "1600"]
[PlyCount "96"]
[EventDate "2018.??.??"]
[Source "ChessBase"]
[SourceDate "2007.09.04"]

1. e4 c5 2. Nf3 e6 3. Nc3 a6 4. d3 d5 5. Be2 Nc6 6. Bf4 d4 7. Nb1 Nf6 8. c3 b5
9. cxd4 Nxd4 10. Nxd4 cxd4 11. Bf3 Bb7 12. O-O Bc5 13. Nd2 Bb6 14. Rc1 O-O 15.
Re1 Re8 16. Bg5 e5 17. a4 Qd6 18. Qb3 Ba5 19. Red1 Bxd2 20. Rxd2 bxa4 21. Qxa4
a5 22. Rdc2 Ba6 23. Be2 Qb4 24. Qc6 Bb5 25. Qb6 Ba4 26. Qxb4 axb4 27. Rc4 Rab8
28. f4 Nd7 29. fxe5 Nxe5 30. Rxd4 Nc6 31. Rd6 Ne5 32. Bd1 Bb5 33. Be2 f6 34.
Bf4 Ng6 35. Bh5 Nxf4 36. Bxe8 Ne2+ 37. Kf2 Nxc1 38. Bxb5 Rxb5 39. d4 Nd3+ 40.
Ke3 Nxb2 41. Rc6 Nd1+ 42. Kd2 Nc3 43. Kd3 b3 44. Kxc3 b2 45. g3 b1=Q 46. d5
Rb3+ 47. Kd2 Rd3+ 48. Ke2 Qd1+ 0-1

[Event "Mechanics' Bedjanian TNM; G/2 d/5"]
[Site "San Francisco"]
[Date "2018.11.20"]
[Round "5.37"]
[White "Cendejas, Jon Rodo"]
[Black "Revi, Frank"]
[Result "0-1"]
[WhiteElo "979"]
[BlackElo "1459"]
[PlyCount "136"]
[EventDate "2018.??.??"]
[Source "ChessBase"]
[SourceDate "2007.09.04"]

1. e4 c5 2. Nf3 Nc6 3. Nc3 d6 4. Bc4 e6 5. a3 a6 6. d3 Nf6 7. Be3 Be7 8. d4
cxd4 9. Nxd4 Ne5 10. Bb3 O-O 11. f4 Neg4 12. Bd2 Qb6 13. h3 Qxd4 14. hxg4 Nxe4
15. Nxe4 Qxe4+ 16. Qe2 Qxe2+ 17. Kxe2 Bf6 18. Rab1 b5 19. c3 e5 20. Bc2 Bxg4+
21. Kf2 g6 22. Be4 Rab8 23. fxe5 dxe5 24. Rh2 h5 25. Bf3 Bf5 26. Rg1 Bd3 27. g4
e4 28. Bd1 Rfe8 29. Be3 Kg7 30. gxh5 Rh8 31. h6+ Kf8 32. Bc5+ Be7 33. Bxe7+
Kxe7 34. Ke3 Rbd8 35. Be2 Rd5 36. Bxd3 Rxd3+ 37. Kxe4 Rd6 38. Kf4 Rf6+ 39. Kg5
Rf5+ 40. Kg4 f6 41. Re1+ Kf7 42. Rd1 Re5 43. Kf4 g5+ 44. Kg4 Kg6 45. Rdh1 Rf5
46. Kg3 Rh7 47. b3 Rf4 48. Rh5 f5 49. R1h2 Rf1 50. Rh1 Rf4 51. R1h2 Re4 52. Kf3
g4+ 53. Kg3 Re3+ 54. Kf4 Rf3+ 55. Ke5 Re7+ 56. Kd4 Rf4+ 57. Kc5 Rh7 58. Kb6 g3
59. Kxa6 gxh2 60. Rxh2 Rxh6 61. Rd2 Rh8 62. Kxb5 Rb8+ 63. Kc5 Rxb3 64. c4 Rxa3
65. Rd6+ Kg5 66. Kb5 Re4 67. Rd5 Rb3+ 68. Kc5 Rc3 0-1

[Event "Mechanics' Shipman TNM; G/2 d/5"]
[Site "San Francisco"]
[Date "2018.09.11"]
[Round "6.30"]
[White "Cendejas, Jon Rodo"]
[Black "Robeal, Rafik"]
[Result "0-1"]
[WhiteElo "962"]
[BlackElo "1671"]
[PlyCount "58"]
[EventDate "2018.??.??"]
[Source "ChessBase"]
[SourceDate "2007.09.04"]

1. e4 c6 2. d4 d5 3. exd5 cxd5 4. Bf4 Nf6 5. Nc3 Qb6 6. Rb1 Nc6 7. Nf3 Bg4 8.
Be3 e6 9. Qd3 Bf5 10. Qd2 Bb4 11. Be2 Ne4 12. Qd1 Nxc3 13. bxc3 Bxc3+ 14. Bd2
Bxd2+ 15. Nxd2 Qxd4 16. Rxb7 O-O 17. O-O Na5 18. Rb1 Rfc8 19. Rc1 Rab8 20. c3
Rxc3 21. Rxc3 Qxc3 22. h3 Bc2 23. Qc1 d4 24. Nf3 d3 25. Bd1 Nc4 26. Kh2 e5 27.
Bxc2 Qxc2 28. Qxc2 dxc2 29. Rc1 Rb2 0-1

[Event "Mechanics' Spring TNM; G/2 d5"]
[Site "San Francisco"]
[Date "2018.04.24"]
[Round "6.39"]
[White "Cendejas, Jon Rodo"]
[Black "Robertson, Terrance"]
[Result "0-1"]
[WhiteElo "422"]
[BlackElo "1483"]
[PlyCount "132"]
[EventDate "2018.??.??"]
[Source "ChessBase"]
[SourceDate "2007.09.04"]

1. e4 e5 2. Nf3 Nf6 3. Nxe5 d6 4. Nf3 Nxe4 5. Qe2 Qe7 6. d3 Nf6 7. Nc3 c6 8.
Bf4 Qxe2+ 9. Bxe2 Be6 10. O-O Be7 11. Ng5 Bf5 12. Rfe1 O-O 13. Bf3 Re8 14. Nge4
Nxe4 15. Nxe4 Rd8 16. Nxd6 Bxd6 17. Bxd6 Be6 18. Be7 Re8 19. Bh4 Nd7 20. c4 Nc5
21. Be2 h6 22. b4 Nd7 23. Bf3 g5 24. Bg3 Nf8 25. a4 Rad8 26. Be4 f5 27. Bf3 f4
28. Bh5 Re7 29. Bxf4 gxf4 30. Rad1 Red7 31. Bg4 Bxg4 32. f3 Bf5 33. d4 Rxd4 34.
Rxd4 Rxd4 35. Re5 Bd3 36. g3 fxg3 37. hxg3 Rxc4 38. Re3 Bc2 39. b5 Bxa4 40.
bxc6 Bxc6 41. Ra3 Ba4 42. Kh2 b5 43. Kh3 Kg7 44. f4 Kf6 45. Kg4 Ne6 46. Ra2
Bd1+ 47. Kh3 Nxf4+ 48. gxf4 Rxf4 49. Rd2 Bb3 50. Kg3 Ke5 51. Re2+ Re4 52. Rb2
Bc4 53. Kh2 Re3 54. Rb1 a5 55. Kg2 a4 56. Kf2 Rd3 57. Re1+ Kd4 58. Ra1 a3 59.
Ke2 a2 60. Ke1 b4 61. Rxa2 Bxa2 62. Ke2 b3 63. Ke1 Ke3 64. Kf1 Rd2 65. Kg1 b2
66. Kf1 b1=Q# 0-1

[Event "Mechanics' Summer TNM; G/2 d/5"]
[Site "San Francisco"]
[Date "2018.06.19"]
[Round "4.28"]
[White "Cendejas, Jon Rodolfo"]
[Black "Bannan, Frank"]
[Result "0-1"]
[WhiteElo "911"]
[BlackElo "1887"]
[PlyCount "64"]
[EventDate "2018.??.??"]
[Source "ChessBase"]
[SourceDate "2007.09.04"]

1. e4 c6 2. d4 d6 3. Nf3 Qc7 4. Bf4 Bg4 5. Be2 Nd7 6. Nc3 e5 7. dxe5 dxe5 8.
Bg3 Bb4 9. Qd3 Ngf6 10. O-O O-O 11. h3 Bh5 12. a3 Bxc3 13. Qxc3 Nxe4 14. Qe3
Nxg3 15. fxg3 Qb6 16. Qxb6 Nxb6 17. g4 Bg6 18. c3 Rfe8 19. Rfe1 Rad8 20. Bf1 f6
21. Rac1 Rd7 22. Nh4 Red8 23. Nxg6 hxg6 24. b3 Nd5 25. b4 Nf4 26. c4 Nd3 27.
Bxd3 Rxd3 28. a4 Ra3 29. a5 c5 30. bxc5 Rxa5 31. g5 Rxc5 32. gxf6 gxf6 0-1

[Event "Mechanics' Summer TNM; G/2 d/5"]
[Site "San Francisco"]
[Date "2018.07.03"]
[Round "6.25"]
[White "Cendejas, Jon Rodolfo"]
[Black "Steger, Eric"]
[Result "0-1"]
[WhiteElo "911"]
[BlackElo "1964"]
[PlyCount "50"]
[EventDate "2018.??.??"]
[Source "ChessBase"]
[SourceDate "2007.09.04"]

1. e4 d6 2. d4 Nf6 3. Nc3 g6 4. Nf3 c6 5. h3 Bg7 6. Be3 Qc7 7. Bd3 Nbd7 8. O-O
e5 9. Ne2 O-O 10. c3 d5 11. exd5 Nxd5 12. Qd2 Nxe3 13. fxe3 Nb6 14. b3 Qe7 15.
Bc2 Bd7 16. Ng3 Rad8 17. b4 Nd5 18. a4 Bh6 19. Qd3 Bxe3+ 20. Kh1 Bf4 21. Ne2
Bf5 22. Qd1 Ne3 23. Qe1 Nxc2 24. Qd1 Nxa1 25. Nxf4 exf4 0-1

[Event "Mechanics' Winter TNM; G/2 d5"]
[Site "San Francisco"]
[Date "2018.02.13"]
[Round "6.27"]
[White "Cendejas, Juan"]
[Black "Cryer, Benjamin"]
[Result "0-1"]
[WhiteElo "1716"]
[BlackElo "1224"]
[PlyCount "60"]
[EventDate "2018.??.??"]
[Source "ChessBase"]
[SourceDate "2007.09.04"]

1. e4 c6 2. d4 d5 3. e5 Bf5 4. Bd3 Bxd3 5. Qxd3 e6 6. f4 Qb6 7. Nf3 Qa6 8. Qe3
Ne7 9. g4 Nd7 10. Bd2 h5 11. g5 Nf5 12. Qf2 Qb6 13. b3 g6 14. O-O c5 15. c3
cxd4 16. cxd4 Bb4 17. Nc3 Qa5 18. Rfc1 O-O 19. Nh4 $2 {Diagram [#]} Nxd4 $1 20.
Kh1 Nb5 21. a3 Bxc3 22. Bxc3 Nxc3 23. Qd2 Rac8 24. Rc2 d4 25. Nf3 Qd5 26. Kg2
Ne4 27. Qd3 Rxc2+ 28. Qxc2 Nb6 29. Rd1 Rc8 30. Qb2 d3 0-1

[Event "Mechanics' Winter TNM; G/2 d5"]
[Site "San Francisco"]
[Date "2018.02.27"]
[Round "8.23"]
[White "Cendejas, Juan"]
[Black "Van Der Wall, John"]
[Result "1-0"]
[WhiteElo "1716"]
[BlackElo "1534"]
[Annotator "Donaldson"]
[PlyCount "83"]
[EventDate "2018.??.??"]
[Source "ChessBase"]
[SourceDate "2007.09.04"]

1. e4 c6 2. d4 d5 3. exd5 cxd5 4. Bd3 Nc6 5. c3 Nf6 6. Bf4 Bg4 7. f3 (7. Qb3)
7... Bc8 8. Ne2 e6 9. O-O Bd6 10. Bxd6 Qxd6 11. b4 Ne7 12. Ng3 O-O 13. Nd2 Nf5
14. Nxf5 exf5 15. Re1 Be6 16. a4 Nh5 17. Rc1 Nf4 18. Bf1 Rac8 19. Nb3 b6 20. g3
Nh5 21. Kg2 f4 22. Re5 g6 23. Qe1 fxg3 24. hxg3 Qd7 25. Bb5 Qb7 26. Qe3 a6 27.
Bd3 Ng7 28. Qh6 Nf5 29. Qh2 Rfe8 30. Rh1 f6 31. Bxa6 Rxc3 32. Re2 (32. Rxe6)
32... Qc6 (32... Qe7) 33. Rhe1 Rc2 34. Bd3 Rxe2+ 35. Rxe2 Qc3 36. Bxf5 gxf5 37.
Qh5 Rc8 38. Rxe6 Qxb3 39. Re7 Qc2+ 40. Kh3 f4 41. Qf7+ Kh8 42. Qg7# 1-0

[Event "Mechanics' Winter TNM; G/2 d5"]
[Site "San Francisco"]
[Date "2018.01.16"]
[Round "2.5"]
[White "Cendejas, Juan"]
[Black "Vickers, Keith"]
[Result "0-1"]
[WhiteElo "1716"]
[BlackElo "2200"]
[PlyCount "50"]
[EventDate "2018.??.??"]
[Source "ChessBase"]
[SourceDate "2007.09.04"]

1. e4 Nc6 2. d4 d5 3. Bb5 dxe4 4. d5 a6 5. Ba4 b5 6. Bxb5 axb5 7. dxc6 Qxd1+ 8.
Kxd1 e5 9. Nc3 Bg4+ 10. f3 O-O-O+ 11. Ke1 exf3 12. gxf3 b4 13. Nb5 Bf5 14. a3
Bxc2 15. axb4 Bxb4+ 16. Kf2 Bc5+ 17. Kg2 Kb8 18. Ne2 Ne7 19. b4 Bb6 20. Bb2 Bd3
21. Nec3 Bxb5 22. Nxb5 Rd2+ 23. Kg3 Rxb2 24. Ra4 Nxc6 25. Rha1 Kb7 0-1

[Event "Mechanics' Winter TNM; G/2 d5"]
[Site "San Francisco"]
[Date "2018.01.30"]
[Round "4.9"]
[White "Cendejas, Juan"]
[Black "Walder, Michael"]
[Result "0-1"]
[WhiteElo "1716"]
[BlackElo "2134"]
[PlyCount "116"]
[EventDate "2018.??.??"]
[Source "ChessBase"]
[SourceDate "2007.09.04"]

1. e4 c5 2. b4 cxb4 3. a3 d5 4. exd5 Qxd5 5. Bb2 e5 6. axb4 Bxb4 7. Nc3 Qd8 8.
Bc4 Nf6 9. Nge2 O-O 10. O-O Nc6 11. Ng3 Bg4 12. Qe1 Re8 13. h3 Be6 14. Bxe6
Rxe6 15. Nce4 Nd5 16. c3 Bf8 17. d4 exd4 18. cxd4 Qb6 19. Qd2 h6 20. Rab1 Bb4
21. Qd3 Rd8 22. f4 Nce7 23. f5 Rc6 24. f6 Nxf6 25. Nxf6+ Rxf6 26. Ne4 Rxf1+ 27.
Rxf1 a5 28. Kh1 Nd5 29. Bc1 Qg6 30. Qf3 b6 31. Ng3 b5 32. Nf5 Bf8 33. Qb3 b4
34. Qa4 Qb6 35. Qb3 Qb5 36. Qf3 Rd7 37. Kg1 a4 38. Qg4 Kh8 39. Qh5 Nf6 40. Qh4
Ng8 41. g4 Rd5 42. Be3 b3 43. Qf2 b2 44. Qc2 a3 45. Bc1 b1=Q 46. Qc8 Rxf5 47.
Rxf5 Qb8 48. Qxb8 Qxb8 49. Rxf7 Qg3+ 50. Kf1 Qxh3+ 51. Ke2 Bd6 52. g5 Qh2+ 53.
Ke1 a2 54. gxh6 a1=Q 55. hxg7+ Kh7 56. Kd1 Qh5+ 57. Kc2 Qxf7 58. Bb2 Qf5+ 0-1